<?xml version="1.0" encoding="UTF-8"?><?xml-stylesheet type="text/xsl" href="static/style.xsl"?><OAI-PMH xmlns="http://www.openarchives.org/OAI/2.0/" xmlns:xsi="http://www.w3.org/2001/XMLSchema-instance" xsi:schemaLocation="http://www.openarchives.org/OAI/2.0/ http://www.openarchives.org/OAI/2.0/OAI-PMH.xsd"><responseDate>2026-06-05T21:45:15Z</responseDate><request verb="GetRecord" identifier="oai:riuma.uma.es:10630/20154" metadataPrefix="marc">https://riuma.uma.es/rest/oai/request</request><GetRecord><record><header><identifier>oai:riuma.uma.es:10630/20154</identifier><datestamp>2026-02-03T12:30:22Z</datestamp><setSpec>com_10630_2254</setSpec><setSpec>col_10630_37959</setSpec></header><metadata><record xmlns="http://www.loc.gov/MARC21/slim" xmlns:dcterms="http://purl.org/dc/terms/" xmlns:doc="http://www.lyncode.com/xoai" xmlns:xsi="http://www.w3.org/2001/XMLSchema-instance" xsi:schemaLocation="http://www.loc.gov/MARC21/slim http://www.loc.gov/standards/marcxml/schema/MARC21slim.xsd">
   <leader>00925njm 22002777a 4500</leader>
   <datafield ind2=" " ind1=" " tag="042">
      <subfield code="a">dc</subfield>
   </datafield>
   <datafield ind2=" " ind1=" " tag="720">
      <subfield code="a">Morente-Oria, Honorato Fernando</subfield>
      <subfield code="e">author</subfield>
   </datafield>
   <datafield ind2=" " ind1=" " tag="720">
      <subfield code="a">González Fernández, Francisco Tomás</subfield>
      <subfield code="e">author</subfield>
   </datafield>
   <datafield ind2=" " ind1=" " tag="720">
      <subfield code="a">Ramos Pérez, Daniel</subfield>
      <subfield code="e">author</subfield>
   </datafield>
   <datafield ind2=" " ind1=" " tag="720">
      <subfield code="a">Baena Morales, Salvador</subfield>
      <subfield code="e">author</subfield>
   </datafield>
   <datafield ind2=" " ind1=" " tag="260">
      <subfield code="c">2020-09-25</subfield>
   </datafield>
   <datafield ind2=" " ind1=" " tag="520">
      <subfield code="a">The associated benefits of physical exercise on cognition have been studied in terms of different variables. These benefits in natural environments have been studied during the last decades, and several investigations have shown contradictory results, it could be explained by the diversity of methodological variables that influence the results.  The present study aims to analyze the acute effect of a 10 km resistance test in two environments (natural and artificial) on working memory, evaluated with the Digit Span Test. Thirteen highly trained University Students exceeded the inclusion criteria for the study, the methodological recommendations found in previous studies were implemented. The physical exercise intervention was running 10 kilometers at a rate of between 4.00 min/km and 4.10 min/km.  This exercise was done in two circuits, in an artificial and natural environment. The subjective perception of effort and the control over the difficulty of the two circuits were controlled to confirm the same level of intensity. One-way ANOVA with Pre-Artificial Environment Condition (0.23 ± 0.16) and Post Artificial Environment Condition (0.94 ± 0.03)] revealed a significant main effect of environment condition, t (13) = 2.14, p &lt; .05, d = 0.62. The results obtained showed how the natural environment produced significant improvements however, the artificial environment improved the results in the cognitive test, although not significantly. The results could be explained by the theory of restoration of attention that natural environments represent, confirming the hypothesis that the performance of physical exercise in natural environments produces an additional effect on working memory</subfield>
   </datafield>
   <datafield ind1="8" ind2=" " tag="024">
      <subfield code="a">https://hdl.handle.net/10630/20154</subfield>
   </datafield>
   <datafield tag="653" ind2=" " ind1=" ">
      <subfield code="a">Educación física</subfield>
   </datafield>
   <datafield tag="653" ind2=" " ind1=" ">
      <subfield code="a">Estudiantes universitarios</subfield>
   </datafield>
   <datafield tag="653" ind2=" " ind1=" ">
      <subfield code="a">Memoria</subfield>
   </datafield>
   <datafield tag="653" ind2=" " ind1=" ">
      <subfield code="a">Aptitudes de aprendizaje</subfield>
   </datafield>
   <datafield tag="653" ind2=" " ind1=" ">
      <subfield code="a">Naturaleza</subfield>
   </datafield>
   <datafield tag="653" ind2=" " ind1=" ">
      <subfield code="a">Ciudades</subfield>
   </datafield>
   <datafield tag="653" ind2=" " ind1=" ">
      <subfield code="a">Ejercicio físico</subfield>
   </datafield>
   <datafield ind2="0" ind1="0" tag="245">
      <subfield code="a">Acute effect of a continuous running exercise on memory in University students. Urban environment vs. Natural environment</subfield>
   </datafield>
</record>
</metadata></record></GetRecord></OAI-PMH>